MDQL
is popping MORE tags! Check the
thread
!
Quizzes
Events
Quiz Creation
Community
Videos
Private Events
Remove Ads
Sign In
Join for FREE
Feedback
Dark Mode
Quiz Categories
Sports
Geography
Music
Movies
Television
Just For Fun
Miscellaneous
History
Literature
Language
Science
Gaming
Entertainment
Religion
Holiday
For Kids
Quiz Lab
Recent
Popular Today
Quiz Kudos Today
Editor Picks
Curator Picks
Quizzes by...
Day
Popularity
Type
Ratings
Length
Year
Community
Subscriptions
Recent Discussions
Orange Saloon
Badges
Playlists
Quests
Create
Leaderboards
Showdown
Live 5
Trivia Bingo
Activity
Puzzle Library
Sporcle Events
Private Events
Virtual Trivia
Globe League
Become a Host
Pub Owners
SporcleCon
Opinionation
Our Games
Videos
Blog
Mobile Apps
Partnerships
Remove Ads and Go Orange
Feedback
Music
Pop Music
The Beatles
Song
Album
Lyrics
Bands
Singers
Artist
Clip
Rock
Rap
Classical
Billboard
Country Music
Kpop
Taylor Swift
Music
Pop Music
The Beatles
Song
Album
Lyrics
Bands
Singers
Artist
Clip
Rock
Rap
Classical
Billboard
Country Music
Kpop
Taylor Swift
Random Quiz
Search Sporcle
×
Editor Pick
Editor Pick
Music
Song
Type in answers that appear in a list
Type in answers that appear in a list
Classic
Best Score? Go Orange.
Bands/Artists From Wales Stats
Can You Name These Bands/Artists From Wales?
By
Burnley_Bloke
5m
27 Questions
1,949 Plays
1,949 Plays
1,949 Plays
Comments
Comments
Give Quiz Kudos
Give Quiz Kudos
-
- Ratings
hide this ad
Replay
Link that replays current quiz
Next Quiz
Link to next quiz in quiz playlist
You Got
0%
They Got
Avg Score
26%
Avg Friend Score
Upgrade to see
Score Distribution
Jump to the score distribution portion of the page
Score
0/27
Timer
05:00
0
Plays Today
A Song From Each Band/Artist
Answer
% Correct
It's Not Unusual
Tom Jones
84.8%
Total Eclipse Of The Heart
Bonnie Tyler
78.6%
Walking In The Air
Aled Jones
64.8%
Goldfinger
Shirley Bassey
59.9%
If You Tolerate This Your Children Will Be Next
Manic Street Preachers
54.7%
Dakota
Stereophonics
53.4%
Mercy
Duffy
45.2%
Mulder And Scully
Catatonia
38.3%
Guns Don't Kill People, Rappers Do
Goldie Lookin Chain
31.5%
Buck Rogers
Feeder
30.3%
Crazy Chick
Charlotte Church
27.6%
Juxtapozed With U
Super Furry Animals
24.7%
68 Guns
The Alarm
21.9%
Those Were The Days
Mary Hopkin
21.2%
A Song From Each Band/Artist
Answer
% Correct
Oh Julie
Shakin' Stevens
21%
Monster
The Automatic
19%
Last Train Home
Lostprophets
18.8%
I Hear You Knocking
Dave Edmunds
18%
Come And Get It
Badfinger
17%
I Love You Always Forever
Donna Lewis
15.1%
(If Paradise Is) Half As Nice
Amen Corner
14.1%
Primadonna
Marina And The Diamonds
13.9%
Scream Aim Fire
Bullet For My Valentine
13.6%
Soundcheck
Catfish And The Bottlemen
10.8%
Barbados
Typically Tropical
8.5%
Into Oblivion
Funeral For A Friend
7.5%
They
Jem
6.4%
Quiz Playlist
Details
Report
Send in Message
Add To Playlist
Classic:
Type in answers that appear in a list
Last Updated: Aug 13, 2020
Editor Pick in
Music
Quiz Scoreboard
CHALLENGE
Sign Up to Join the Scoreboard
Show All
Scores
Hide
Comments
May contain spoilers
Recently Published
Two Season TV Shows II
by 123Four
Television
10m
Image Sorting: Flags VI
by Barbecue
Geography
2m
Find the 'City' Movie
by crazypaving
Movies
60s
More to Explore
Quiz From the Vault
Featured Blog Post
14 Easter Pick-up Lines to Find Eggs With
hide this ad
You Might Also Like...
Tags
Artist Quiz
Song Quiz
Wale
Today's Top Quizzes in Music
Browse Music
hide this ad
Today's Top Quizzes in Song
Browse Song
Top Contributed Quizzes in Music
1
5X2 Blitz: Bands II
2
5X2 Blitz: The Beatles
3
Taylor Swift All Songs (2024)
4
5X2 Blitz: Billboard
5
5X2 Blitz: Billboard II
6
5X2 Blitz: Album
7
5X2 Blitz: Singers
8
5X2 Blitz: Rock
9
Music Artist by Three 2010s hits
10
5X2 Blitz: Lyrics
Explore More
Trending Topics
Kpop
Disney
Marvel
Crossword
NBA
Anime
Harry Potter
Soccer
Song
The Office
NFL
Pokémon
Puzzle
WWE
Country
hide this ad
More By:
Burnley_Bloke
Quiz
Plays
Rating
Category
Featured
Created
Arctic Monkeys Quiz
8,778
4.91
Music
Oct 24, 2018
Thoroughfares in Song Titles
5,807
4.67
Music
Oct 24, 2020
Linkin Park Quiz
3,465
5.00
Music
Oct 12, 2017
Blink 182 Quiz
3,459
5.00
Music
Jan 18, 2018
Winners of all 4 English football divisions
3,338
4.64
Sports
May 1, 2016
Go to Creator's Profile
Score Distribution
Quiz Creator Spotlight
Burnley_Bloke
Follow
Send a Message
Quizzes Created
-
Created Quiz Play Count
-
More By This Creator
Popular Quizzes Today
1
Find the US States - No Outlines Minefield
2
Colored Red Africa Blitz
3
Find the 'City' Movie
4
5x2 Blitz: Bands
5
The Countries of the World
6
Find the Countries of Europe - No Outlines Minefield
7
Find the US States
8
US States
More Music Quizzes
the boyz discography (updated december 2023)
Quiz Lab
Trending Quizzes
Colored Red Europe Blitz I
Colored Red Africa Blitz II
Colored Red Europe Blitz II
Colored Red Europe Blitz III
Colored Red Africa Blitz III
Recently Updated
How Do You Spell That?
pecheneg
Godzilla Movies
pecheneg
Grab Bag: 4-10 Letters
pecheneg
2024 March Madness Bracket
pecheneg
Famous TV Couples
Peacemaker
Champions League XIs: Real Madrid
pecheneg
Largest US Cities 1790-2010
pecheneg
Rides in Walt Disney World
pecheneg
Most Oscar Losses (Acting)
pecheneg
Beyoncé Albums
pecheneg
Trending Topics
Crossword
NBA
Harry Potter
Marvel
Disney
Kpop
Anime
WWE
NFL
Puzzle
Soccer
Country
Pokémon
The Office
Song
Your Account Isn't Verified!
In order to create a playlist on Sporcle, you need to verify the email address you used during registration. Go to your
Sporcle Settings
to finish the process.
Report this User
Report this user for behavior that violates our
Community Guidelines
.
Details:
Send Report
Go to the Sporcle.com Mobile Site →
Comments